[Event "CZE-chT U18 0506"]
[Site "Czech Republic"]
[Date "2006.04.23"]
[Round "4.6"]
[White "Chlad, Lukas"]
[Black "Fiala, Vojtech"]
[Result "1-0"]
[WhiteElo "1680"]
[BlackElo "1450"]
[PlyCount "81"]
[EventDate "2005.10.08"]
[EventType "team"]
[EventRounds "11"]
[EventCountry "CZE"]
[SourceTitle "EXT 2009"]
[Source "ChessBase"]
[SourceDate "2008.11.26"]
[SourceVersion "1"]
[SourceVersionDate "2008.11.26"]
[SourceQuality "1"]
[WhiteTeam "Plzen"]
[BlackTeam "Brno"]
[WhiteTeamCountry "CZE"]
[BlackTeamCountry "CZE"]

1. e4 e5 2. Nf3 Nc6 3. Bb5 Bc5 4. c3 d6 5. d4 exd4 6. cxd4 Bb4+ 7. Nc3 Bd7 8. 0-0 Nge7 9. Bg5 a6 10. Ba4 0-0 11. Nd5 Re8 12. Bxc6 Bxc6 13. Nxb4 f6 14. Nxc6 Nxc6 15. Be3 Kf8 16. d5 Ne5 17. Nxe5 dxe5 18. Rc1 Rc8 19. Qb3 b6 20. Rc6 Re7 21. Rfc1 Rb8 22. Qc2 h6 23. Rxc7 Rxc7 24. Qxc7 Qxc7 25. Rxc7 Kg8 26. Kf1 b5 27. b4 Ra8 28. Ra7 Rxa7 29. Bxa7 Kf7 30. Ke2 g5 31. g3 h5 32. Ke3 g4 33. Bb8 Ke7 34. f4 gxf3 35. Kxf3 Kf7 36. Bc7 Ke7 37. g4 hxg4+ 38. Kxg4 Ke8 39. h4 Kf7 40. h5 Ke8 41. d6 1-0

[Event "CZE-chT U18 0506"]
[Site "Czech Republic"]
[Date "2006.??.??"]
[Round "2.6"]
[White "Fiala, Vojtech"]
[Black "Prokopova, Jirina"]
[Result "0-1"]
[WhiteElo "1450"]
[BlackElo "1322"]
[PlyCount "66"]
[EventDate "2005.10.08"]
[EventType "team"]
[EventRounds "11"]
[EventCountry "CZE"]
[SourceTitle "EXT 2009"]
[Source "ChessBase"]
[SourceDate "2008.11.26"]
[SourceVersion "1"]
[SourceVersionDate "2008.11.26"]
[SourceQuality "1"]
[WhiteTeam "Brno"]
[BlackTeam "Lysa nad Labem"]
[WhiteTeamCountry "CZE"]
[BlackTeamCountry "CZE"]

1. e4 e6 2. d4 d5 3. e5 c5 4. c3 Nc6 5. Bb5 Bd7 6. Nf3 Qb6 7. Bxc6 Bxc6 8. 0-0 cxd4 9. cxd4 Ne7 10. Nc3 Nf5 11. Rb1 Be7 12. Be3 0-0 13. a3 Rac8 14. Qd2 f6 15. Rfd1 fxe5 16. dxe5 Nxe3 17. Qxe3 Bc5 18. Nd4 a5 19. Rd2 Bd7 20. g3 Rf7 21. f4 Rcf8 22. Kg2 g5 23. Nce2 Bb5 24. Qf3 Bxe2 25. Nxe2 Be3 26. Rd3 gxf4 27. gxf4 Bxf4 28. Nxf4 Rxf4 29. Qg3+ Kh8 30. Kh3 Qc7 31. Re3 Qf7 32. Qg5 Rg8 33. Qh6 Qf5# 0-1